000 00273nam a2200097Ia 4500
008 220204s9999 xx 000 0 und d
082 _aNR:0161983
_bRRM
245 0 _aPublications of the Rubber Research Institute of Malaysia for 1983
260 _aMalaysia
_bRRIM
942 _cBK
999 _c43432
_d43432